00346nam a2200133 a 45000010010000000030011000100080041000210350026000620820014000881000025001022450023001272600043001506500019001930000-9328ELIB.Books110520 1945  a(ELIB.Books)0000-9480 a248 bGil aGilkey, James Gordon aWhen Life Get Hard bNew York; The Macmillan Company c1945 aChristian Life